| 000 | 00557nam a2200205 4500 | ||
|---|---|---|---|
| 003 | OSt | ||
| 005 | 20260601171016.0 | ||
| 008 | 260508b1976\\\\|||a|a||\||||\001\0\eng\d | ||
| 020 | _a0198591497 | ||
| 040 |
_aICI _bspa _cICI _erda |
||
| 050 |
_aQA401 _b.S73 |
||
| 100 |
_aOxford University Press _eautor _934063 |
||
| 245 | _aModels F M Stansfield | ||
| 264 |
_aGran Bretaña _bEditorial Advisory Board _c1976 |
||
| 300 | _a29 páginas | ||
| 336 |
_2rdacontent _atexto |
||
| 337 |
_2rdamedia _asin medio |
||
| 338 |
_2rdacarrier _avolumen |
||
| 942 |
_2lcc _n1 _cB |
||
| 999 |
_c20720 _d20720 |
||